Loading...
| Fine Arts - Classical Music | 0 | 3 | 0 | 0 | 30 | 69 | 91.00 | 1 | 3 | 8.96 | 20.00 |
| Literature - European | 0 | 3 | 0 | 2 | 30 | 105 | 116.67 | 0 | 3 | 4.13 | 16.67 |
| Science - Biology | 0 | 2 | 0 | 1 | 20 | 114 | 121.00 | 1 | 2 | 0.42 | 10.00 |
| Fine Arts - Other | 0 | 2 | 0 | 0 | 20 | 76 | 99.00 | 1 | 2 | 5.83 | 13.33 |
| Literature - American | 0 | 1 | 0 | 1 | 10 | 144 | 144.00 | 0 | 1 | 0.00 | 3.33 |
| History - American | 0 | 1 | 0 | 0 | 10 | 67 | 67.00 | 0 | 1 | 4.17 | 6.67 |
| Mythology | 0 | 1 | 0 | 0 | 10 | 87 | 87.00 | 0 | 1 | 2.98 | 6.67 |
| Religion | 0 | 1 | 0 | 0 | 10 | 126 | 126.00 | 1 | 1 | 0.53 | 5.00 |
| Fine Arts - Visual | 0 | 0 | 1 | 0 | -5 | 0.00 | 0 | 0 | 0.00 | 0.00 |